00678 2200241 4500001002100000005001700021008004100038020001800079035002400097082001000121090002200131100003000153245008800183250001100271260003200282300001900314650002100333700002400354850001600378980001400394985000600408999002200414YOGYA-0209000004630620090227031121.0 ind  a979-3383-26-7 0010-020900000046306 a155.5 a155.5bPri BlDEP aPRIAMBODO, Dibyo Sumantri aBalada jiwa gadis remajacDibyo Sumantri Priambodo : penyunting, Arisatya Yogaswara aCet. 1 aYogyakartabCakrawalac2006 a152 hlmc19 cm aPsikologi remaja aYogaswara, Arisatya aYOPDYOG (M) a04-7-2007 a1 aCB-D.11 2006-005h